000 00778nam a2200229Ia 4500
003 GCL
008 140319s9999 xx 000 0 ara d
040 _aGCL /
_cGCL
082 0 4 _a823.03
_bت م
100 1 _aمحمد عنانى
245 1 0 _aنوبة حراسة وقصص اخرى /
_cمحمد عنانى
700 1 _aتايلر، ات
700 1 _aامين العيوطى
700 1 _aنهاد صليحة
700 1 _aهيلى, اليكس
260 _a[S.N] :
_bمركز الاهرام للترجمة والنشر ،
_c1991
300 _a456 ص
490 _aمن روائع الادب الامريكى المعاصر
_v0
650 0 4 _aالقصص الامريكية المترجمة
650 0 4 _aالادب الامريكى المترجم
942 _2ddc
_cBK
999 _c30023
_d30023